[Event "Damhus-ch D"]
[Site "Rodovre"]
[Date "2011.09.27"]
[Round "4"]
[White "Gemzoe, Bjorn"]
[Black "Hansen, Soren Sonderkaer"]
[Result "1-0"]
[WhiteElo "1343"]
[BlackElo "1300"]
[PlyCount "71"]
[EventDate "2011.09.06"]
[EventType "swiss"]
[EventRounds "7"]
[EventCountry "DEN"]
[SourceTitle "EXT 2023"]
[Source "ChessBase"]
[SourceDate "2022.10.05"]
[SourceVersion "1"]
[SourceVersionDate "2022.10.05"]
[SourceQuality "1"]

1. e4 e5 2. Bc4 Nf6 3. d3 Bc5 4. a3 d6 5. b4 Bb6 6. Ne2 Ng4 7. 0-0 Qf6 8. Qe1 Nc6 9. c3 Bd7 10. h3 Nh6 11. Be3 Qg6 12. Ng3 Bxe3 13. fxe3 0-0-0 14. Qf2 Rhf8 15. Nf5 Nxf5 16. exf5 Qg5 17. e4 g6 18. b5 Ne7 19. Qxa7 Nc6 20. bxc6 Bxc6 21. f6 b6 22. Qa6+ Kd7 23. Bb5 Qe3+ 24. Kh1 Qe2 25. Bxc6+ Kxc6 26. Qc4+ Kb7 27. Rg1 h5 28. a4 Qf2 29. Na3 Qxf6 30. a5 bxa5 31. Rgb1+ Kc8 32. Nb5 c5 33. Rxa5 Rfe8 34. Qd5 Kd7 35. Ra7+ Kc8 36. Qb7# 1-0

[Event "Damhus-ch D"]
[Site "Rodovre"]
[Date "2011.09.06"]
[Round "1"]
[White "Dyremose, Morten Sigvart"]
[Black "Hansen, Soren Sonderkaer"]
[Result "1/2-1/2"]
[WhiteElo "1115"]
[BlackElo "1300"]
[PlyCount "91"]
[EventDate "2011.09.06"]
[EventType "swiss"]
[EventRounds "7"]
[EventCountry "DEN"]
[SourceTitle "EXT 2023"]
[Source "ChessBase"]
[SourceDate "2022.10.05"]
[SourceVersion "1"]
[SourceVersionDate "2022.10.05"]
[SourceQuality "1"]

1. e4 d5 2. exd5 Qxd5 3. Nc3 Qe5+ 4. Be2 Bg4 5. d4 Bxe2 6. Ngxe2 Qh5 7. Bf4 Na6 8. Qd2 0-0-0 9. 0-0 f6 10. a3 e5 11. Be3 Bc5 12. d5 Bxe3 13. Qxe3 b6 14. b4 Nh6 15. Qd3 Kb7 16. Qc4 Qe8 17. a4 Nf7 18. Rfb1 Nd6 19. Qb3 h5 20. Qa2 g6 21. b5 Nc5 22. a5 Ra8 23. axb6 axb6 24. Qxa8+ Qxa8 25. Rxa8 Rxa8 26. f3 Ra5 27. g3 Na4 28. Rb4 Nxc3 29. Nxc3 Ra3 30. Rb3 Nc4 31. Kf2 Ra1 32. Rb1 Ra8 33. h3 f5 34. Rd1 Nd6 35. Rb1 h4 36. g4 fxg4 37. fxg4 Rf8+ 38. Ke2 e4 39. Rf1 Rxf1 40. Kxf1 Kc8 41. Ke2 Kd7 42. Ke3 Ke7 43. Nxe4 Nb7 44. Kd4 Kf8 45. c4 Ke7 46. c5 1/2-1/2

[Event "Damhus-ch C"]
[Site "Rodovre"]
[Date "2010.09.14"]
[Round "2"]
[White "Hansen, Soren Sonderkaer"]
[Black "Wadtland, Flemming"]
[Result "0-1"]
[WhiteElo "1300"]
[BlackElo "1246"]
[PlyCount "98"]
[EventDate "2010.09.07"]
[EventType "swiss"]
[EventRounds "7"]
[EventCountry "DEN"]
[SourceTitle "EXT 2023"]
[Source "ChessBase"]
[SourceDate "2022.10.05"]
[SourceVersion "1"]
[SourceVersionDate "2022.10.05"]
[SourceQuality "1"]

1. d4 Nf6 2. Bf4 d5 3. Nc3 Bf5 4. Nf3 e6 5. a3 Bd6 6. Bg3 Bxg3 7. hxg3 Qd6 8. Nb5 Qb6 9. e3 a6 10. Nc3 Qxb2 11. Na4 Qxc2 12. Qxc2 Bxc2 13. Nb2 c6 14. Rc1 Be4 15. Nd2 Bg6 16. f3 b5 17. Nb3 Ra7 18. a4 0-0 19. Be2 Re8 20. Na5 e5 21. dxe5 Rxe5 22. Kf2 Re6 23. Nd3 Rae7 24. Rhe1 Rxe3 25. Nxc6 Nxc6 26. Rxc6 Bxd3 27. Bxd3 Rxe1 28. axb5 axb5 29. Bxb5 Ne8 30. Rc8 Kf8 31. Rd8 R1e5 32. f4 Rf5 33. Bd3 Rh5 34. g4 Rh1 35. Rxd5 Rhe1 36. g5 g6 37. f5 R7e5 38. Rd4 Rd1 39. fxg6 hxg6 40. g4 Rd2+ 41. Kf3 Rxg5 42. Kf4 Rc5 43. Ke3 Rb2 44. Rf4 Rb3 45. Kd2 Rd5 46. Rf3 Nd6 47. Kc2 Rbxd3 48. Rxd3 Rxd3 49. Kxd3 Ke7 0-1

[Event "Damhus-ch C"]
[Site "Rodovre"]
[Date "2010.09.07"]
[Round "1"]
[White "Hansen, Soren Sonderkaer"]
[Black "Balken, Peer"]
[Result "1-0"]
[WhiteElo "1300"]
[BlackElo "1214"]
[PlyCount "44"]
[EventDate "2010.09.07"]
[EventType "swiss"]
[EventRounds "7"]
[EventCountry "DEN"]
[SourceTitle "EXT 2023"]
[Source "ChessBase"]
[SourceDate "2022.10.05"]
[SourceVersion "1"]
[SourceVersionDate "2022.10.05"]
[SourceQuality "1"]

1. d4 d5 2. Bf4 e6 3. Nf3 Bd6 4. Qd2 c5 5. dxc5 Bxc5 6. e3 Nc6 7. Bb5 a6 8. Bxc6+ bxc6 9. Ne5 Bb7 10. Nc3 f6 11. Nf3 Bd6 12. e4 e5 13. Bg3 Ne7 14. exd5 Nxd5 15. 0-0-0 Bb4 16. Rhe1 0-0 17. a3 a5 18. axb4 axb4 19. Nb1 Qa5 20. Re3 c5 21. Ne1 Rfd8 22. Rd3 Bc6 1-0